Inscryption Act 1 Cards - Statistics

General Stats
  • This quiz has been taken 59 times
  • The average score is 37 of 94
Answer Stats
Hint Answer % Correct
Caged Wolf
92%
Canine Stunted Wolf
92%
Wolf
92%
Raven
85%
Elk
77%
Long Elk
77%
Worker Ant
77%
Ant Queen
69%
Bee
69%
Great White
69%
Avian Kingfisher
69%
Mantis
69%
Insect Mantis God
69%
Miscellaneous Mole Man
69%
Rabbit
69%
Rat King
69%
Squirrel
69%
Stoat
69%
Wolf Cub
69%
Grizzly
62%
Pelts Rabbit Pelt
62%
Raven Egg
62%
Stinkbug
62%
The Moon
62%
Wolf Pelt
62%
Black Goat
54%
Reptile Geck
54%
Golden Pelt
54%
Mole
54%
Ouroboros
54%
Beehive
46%
Bloodhound
46%
Bullfrog
46%
Cat
46%
Cockroach
46%
Elk Fawn
46%
Frozen Opossum
46%
Magpie
46%
Moose Buck
46%
Opossum
46%
Pack Mule
46%
Pack Rat
46%
Ring Worm
46%
Undead Cat
46%
Urayuli
46%
Amalgam
38%
Bat
38%
Closed Leaping Trap
38%
Kaycee
38%
Leaping Trap
38%
Strange Frog
38%
Turkey Vulture
38%
Warren
38%
Alpha
31%
Beaver
31%
Spawned / Given Boulder
31%
Hooved Child 13
31%
Corpse Maggots
31%
Coyote
31%
Dam
31%
Act 1 Ending Exclusive Leshy
31%
River Otter
31%
Skink
31%
Sparrow
31%
Amoeba
23%
Non-Obtainable / Boss Exclusive Bait Bucket
23%
Gold Nugget
23%
Hand Tentacle
23%
Snowy Fir
23%
The Daus
23%
Adder
15%
Bell Tentacle
15%
Grand Fir
15%
Pre-Made Deathcards Louis
15%
Mirror Tentacle
15%
Porcupine
15%
Rattler
15%
Stump
15%
Chime
8%
Deathcard
8%
Field Mice
8%
Mothman
8%
Pronghorn
8%
River Snapper
8%
Starvation
8%
Strange Larva
8%
Strange Pupa
8%
Glitched Card
0%
Greater Smoke
0%
Kaminski
0%
Reginald
0%
Skunk
0%
The Smoke
0%
Vertebrae
0%
No matching quizzes found
Score Distribution
Percent of People with Each Score
Percentile by Number Answered
Your Score History
You have not taken this quiz